[Event "CZE-tht Extraliga 2017-18"]
[Site "Czech Republic"]
[Date "2017.12.02"]
[Round "3.1"]
[White "Harikrishna, P."]
[Black "Miton, Kamil"]
[Result "1-0"]
[WhiteElo "2738"]
[BlackElo "2596"]
[Annotator "TA"]
[PlyCount "81"]
[EventDate "2017.??.??"]
[EventType "team-tourn"]
[EventCountry "CZE"]
[SourceTitle "playchess.com"]
[Source "ChessBase"]
[SourceQuality "1"]

{[%evp 17,81,40,37,43,42,11,33,8,13,10,14,8,19,9,11,0,0,8,1,6,0,-19,-27,-18,-2,-14,-21,-22,9,8,8,2,31,33,25,27,38,38,56,56,68,60,81,56,56,56,56,65,70,65,147,141,169,103,265,264,259,259,248,222,311,311,535,518,808,803]} 1. e4 e6 2. d4 d5 3. Nc3 dxe4 4. Nxe4 Bd7 {[%cal Bc8d7,Bd7c6,Bc6b7][%mdl 32]} 5. Nf3 Bc6 6. Bd3 Nd7 7. O-O Ngf6 8. Ned2 Be7 9. Re1 b6 {LiveBook: 7 Games. C10: French with 3 Nc3: Unusual Black 3rd moves and 3...dxe4} (9... Bxf3 10. Qxf3 c6 11. c3 O-O 12. Nc4 Nd5 13. Qh3 g6 14. Bh6 Re8 15. Rad1 Bg5 16. Bxg5 Qxg5 17. Nd6 {0-1 (59) Durarbayli,V (2608)-Nyzhnyk,I (2607) Saint Louis 2016}) 10. Ne5 Bb7 $146 ({Predecessor:} 10... Nxe5 11. dxe5 Qd5 12. Nf3 Nd7 13. c4 Qa5 14. Nd4 Ba4 15. Bd2 Bxd1 16. Bxa5 Ba4 17. Bc3 {½-½ (27) Sivokho,S (2467)-Shushpanov,V (2357) St Petersburg 2008}) 11. Bb5 O-O {The position is equal.} 12. Bc6 Qc8 $1 13. Ndf3 Bd6 14. Bxb7 Qxb7 15. Bg5 c5 16. c3 b5 17. Nxd7 Nxd7 18. dxc5 Bxc5 19. b4 Bb6 20. Qd3 Rfc8 21. a4 bxa4 22. Rxa4 Qd5 23. Qxd5 exd5 24. Ra3 $36 {[%mdl 2048] White has the initiative.} Nf6 25. Bxf6 gxf6 26. g3 Rc4 27. Rd1 Rac8 28. Rd3 $1 Kf8 29. Kg2 (29. Rxd5 $6 Rxc3 30. Rxc3 Rxc3 $11) 29... Ke7 30. Nh4 (30. Rxd5 Rxc3 31. Rxc3 Rxc3 $11) 30... Ke6 31. Ra2 f5 32. Re2+ Re4 33. Red2 Bd8 (33... Rd8 $14) 34. Nf3 $16 (34. Rxd5 $6 Bxh4 35. Rd6+ Ke7 $11) 34... Bf6 35. Ra2 ({Better is} 35. Rxd5 $18 Re2 36. Rd6+ (36. Rxe2+ Kxd5 37. Rd2+ Kc4 $16) 36... Ke7 37. R2d5 (37. Rxe2+ Kxd6 38. Ra2 Bxc3 $16)) 35... Bxc3 $2 {[#]} (35... Rec4 $16 {was worth a try.}) 36. Ng5+ $18 ({Much less strong is} 36. Rxa7 $6 d4 $16) 36... Kf6 37. Nxe4+ dxe4 38. Rd6+ Kg7 (38... Ke5 $142 39. Rd7 Bxb4 40. Rdxa7 Ke6 41. R7a6+ Bd6) 39. b5 {[#] Strongly threatening Rc6.} ({Resist} 39. Rxa7 Bxb4 40. Rdd7 Rf8 $18) 39... Bb4 $2 (39... Rc5 40. Rc2 Bb4 41. Rxc5 Bxc5) 40. Rd7 Rc3 (40... Rb8 $142 41. Raxa7 Rxb5 42. Rxf7+ Kg6 43. Rxh7 Rb6) 41. Raxa7 {Precision: White = 63%, Black = 43%.} 1-0

[Event "CZE-tht Extraliga 2017-18"]
[Site "Czech Republic"]
[Date "2017.12.02"]
[Round "3.1"]
[White "Duda, Jan-Krzysztof"]
[Black "Najer, Evgeniy"]
[Result "1-0"]
[WhiteElo "2710"]
[BlackElo "2693"]
[Annotator "TA"]
[PlyCount "105"]
[EventDate "2017.??.??"]
[EventType "team-tourn"]
[EventCountry "CZE"]
[SourceTitle "playchess.com"]
[Source "ChessBase"]
[SourceQuality "1"]

{[%evp 32,105,24,-21,-18,-29,-33,0,-21,-31,0,5,8,0,20,22,35,29,147,139,139,139,147,141,125,155,134,137,173,149,212,210,218,74,69,93,130,115,99,102,102,83,127,117,120,147,170,70,70,70,103,49,42,33,33,31,34,54,45,44,33,8,43,7,314,311,464,485,481,447,478,463,422,383,375,366]} 1. e4 e5 2. Nf3 Nc6 3. Bb5 a6 4. Ba4 {[%cal Bb5a4,Ba4b3,Bb3a2,Ba2b1,Bb1d3][%mdl 32]} Nf6 5. O-O Be7 6. Re1 b5 7. Bb3 O-O 8. a4 Bb7 9. d3 d6 10. Nc3 {[%cal Bb1c3,Bc3e2,Be2g3][%mdl 32]} Na5 11. Ba2 b4 12. Ne2 c5 13. Ng3 Bc8 14. c3 {C88: Closed Ruy Lopez: Anti-Marshall Systems} Rb8 15. d4 b3 16. Bb1 Qc7 17. Bd3 {LiveBook: 3 Games} exd4 $1 18. cxd4 c4 19. Bf1 c3 {[#]} 20. Re3 $146 ({Predecessor:} 20. Bd3 Nc4 21. Qe2 cxb2 22. Bxb2 Nxb2 23. Qxb2 {½-½ (72) Gruenfeld,Y (2535)-Kosashvili,Y (2350) Holon 1986}) 20... cxb2 21. Bxb2 Qc2 22. Qe1 d5 23. Bc3 b2 24. Rb1 $1 {[%cal Ba1b1,Bb1b2,Bb2b4][%mdl 32] [#]} Bb4 $1 {[%mdl 512]} 25. Bxb4 $16 Rxb4 26. e5 $1 {[%cal Re5f6]} (26. Qxb4 Qxb1 27. Nd2 (27. Qxa5 dxe4 28. Nd2 Qc2 $16) 27... Qc2 $14) 26... Ng4 27. Re2 Qxa4 {Strongly threatening ...Nc4.} 28. Rexb2 Rxb2 29. Rxb2 Nc4 30. Rb4 Qc2 (30... Qc6 $16 {keeps fighting.} 31. Rb8 Qc7) 31. h3 $18 Nh6 32. Qb1 (32. Bxc4 $18 {and White stays clearly on top.} dxc4 33. Rb8) 32... Qxb1 $16 33. Rxb1 f6 34. exf6 Rxf6 35. Ne5 Nxe5 36. dxe5 Rf8 37. Rb6 Nf7 38. f4 {[%cal Bf2f4,Bf4f5][%mdl 32]} (38. Bxa6 Nxe5 39. Bxc8 Rxc8 $14) 38... Nd8 {[#]} 39. Bd3 ({Don't do} 39. Bxa6 $6 Bxa6 40. Rxa6 Rxf4 $14) (39. Ne2 $1 $18) 39... Ne6 $14 40. f5 Nc5 41. Bb1 (41. Bc2 $16 {Rc6 is the strong threat.} Nd7 42. Re6) 41... Nd7 $1 {[%cal Rd7b6]} 42. Re6 {Black must now prevent Re7.} Kf7 43. Kf2 Re8 $1 {[%cal Re8e6]} 44. Rxe8 Kxe8 {[%mdl 4096] Endgame KBN-KBN} 45. e6 Nf6 $1 46. Ke3 Ke7 47. Kf4 g6 $2 {[%mdl 8192]} (47... a5 $11 {and Black stays safe.}) 48. Ke5 $18 ({Weaker is} 48. fxg6 hxg6 49. Bxg6 a5 $16) 48... Ne8 (48... a5 {was called for.} 49. Ne2 (49. fxg6 hxg6 50. Bxg6 Bxe6 $14) 49... Ng8 50. fxg6 hxg6) 49. Ne2 gxf5 50. Nd4 Ng7 {[%cal Rc8e6]} 51. Bxf5 a5 {[#] If only Black now had time for ...a4....} 52. Nc6+ $1 Ke8 53. Nxa5 {Precision: White = 60%, Black = 45%.} 1-0

[Event "CZE-tht Extraliga 2017-18"]
[Site "Czech Republic"]
[Date "2017.12.02"]
[Round "3.1"]
[White "Rodshtein, Maxim"]
[Black "Petenyi, Tamas"]
[Result "1/2-1/2"]
[WhiteElo "2688"]
[BlackElo "2454"]
[Annotator "TA"]
[PlyCount "119"]
[EventDate "2017.??.??"]
[EventType "team-tourn"]
[EventCountry "CZE"]
[SourceTitle "playchess.com"]
[Source "ChessBase"]
[SourceQuality "1"]

{[%evp 15,119,38,60,47,54,42,69,45,31,29,48,18,10,0,6,0,0,0,0,0,0,-19,0,0,6,6,6,-3,-4,-48,0,0,0,0,0,0,0,-5,8,0,0,0,15,14,45,0,0,6,77,64,79,13,60,67,75,0,4,0,5,-88,-81,-81,-81,-81,-81,-81,-81,-81,-81,-81,-81,-81,-81,-81,-81,-81,-81,-81,-46,-46,-46,-46,-46,-47,-47,-47,-47,-47,-45,-45,0,-54,0,-47,-39,-39,-39,-39,-39,-41,-39,-40,-41,-48,-9,-9]} 1. d4 Nf6 2. c4 g6 3. Nc3 Bg7 4. e4 d6 5. Be2 O-O 6. Be3 c6 7. Nf3 {E73: King's Indian: Averbakh Variation without 6...c5} (7. h3 a6 8. Nf3 b5 9. a3 Bb7 10. O-O Nbd7 11. Qc2 Rc8 12. Rad1 c5 13. e5 Ne8 14. exd6 Nxd6 15. dxc5 Nxc4 16. Bxc4 bxc4 17. Qa4 {1-0 (54) Fedoseev,V (2731)-Tsydypov,Z (2529) Sochi 2017}) 7... a6 8. Nd2 Nbd7 {LiveBook: 4 Games} 9. O-O {White is slightly better.} b5 10. a3 Bb7 11. Rc1 bxc4 $146 ({Predecessor:} 11... Rc8 12. b4 Nb6 13. c5 Nbd7 14. f4 Ne8 15. e5 Nc7 16. Nb3 {1-0 (65) De Boer,G (2245)-Cuijpers,F (2230) Dieren 1982}) 12. Bxc4 d5 13. Ba2 e5 14. exd5 Nxd5 15. Nxd5 exd4 16. Nf3 dxe3 17. Nxe3 c5 18. Nc4 Bxf3 19. Qxf3 Ne5 20. Nxe5 Bxe5 21. Rfe1 Bd4 22. Re4 Ra7 23. b4 Re7 24. Rce1 ({Much weaker is} 24. bxc5 Bxf2+ 25. Qxf2 Rxe4 $19) 24... Rxe4 25. Rxe4 cxb4 26. axb4 Qd6 27. g3 Kg7 28. Rf4 {[%cal Rf4f7]} Bf6 29. Qb7 Qd2 30. Bc4 a5 31. b5 a4 (31... g5 $11 32. Rf5 Qc1+ 33. Bf1 a4) 32. Kg2 $16 a3 {[#]} 33. Qa7 (33. Qa6 $1 $16 {[%cal Ra6f6]} Be5 34. Rf3) 33... Qc3 34. h4 h6 35. b6 ({Better is} 35. Qd7 $16) 35... g5 $1 $132 {[%cal Rg5f4][%mdl 2048] Black puts up resistance} 36. Re4 Bd4 37. Qc7 (37. hxg5 $11 hxg5 38. Qe7) 37... Qd2 38. Re2 {[#]} Qxe2 $1 39. Bxe2 a2 40. b7 {Threatens to win with hxg5.} a1=Q 41. b8=Q Rxb8 42. Qxb8 Qe1 $1 {[%csl LRe2,LRf2]} 43. Qb5 Qxf2+ 44. Kh3 gxh4 45. gxh4 Qe3+ 46. Kg2 Qg1+ 47. Kh3 Qh1+ 48. Kg3 Qe1+ 49. Kh3 Bf6 {Hoping for ...Qh1+.} 50. h5 Qh1+ 51. Kg3 Bh4+ 52. Kg4 Bf6 {White must now prevent ...Qg2+.} 53. Kg3 Bh4+ 54. Kg4 $1 Qh2 {And now ...Qg3+ would win.} 55. Qd3 Bf6 {...Qh4+ is the strong threat.} 56. Qe3 Qh4+ 57. Kf5 Bg5 58. Qe5+ Kh7 {aiming for ...Bd2.} 59. Qe4 Qxe4+ 60. Kxe4 {Precision: White = 61%, Black = 55%.} 1/2-1/2

[Event "CZE-tht Extraliga 2017-18"]
[Site "Czech Republic"]
[Date "2017.12.02"]
[Round "3.1"]
[White "Balogh, Csaba"]
[Black "Azarov, Sergei"]
[Result "1/2-1/2"]
[WhiteElo "2632"]
[BlackElo "2552"]
[Annotator "TA"]
[PlyCount "41"]
[EventDate "2017.??.??"]
[EventType "team-tourn"]
[EventCountry "CZE"]
[SourceTitle "playchess.com"]
[Source "ChessBase"]
[SourceQuality "1"]

{[%evp 15,41,25,25,24,20,0,7,0,0,0,0,0,0,0,0,-29,-32,-23,-18,-14,0,0,0,0,0,0,29,17]} 1. e4 c5 2. Nf3 Nc6 3. Bb5 g6 4. O-O Bg7 5. Re1 e5 6. Bxc6 dxc6 7. d3 Qc7 8. Be3 {B31: Sicilian: 2...Nc6 3 Bb5 g6} b6 {LiveBook: 8 Games} 9. a3 {[%cal Ba2a3,Ba3b4][%mdl 32]} Nf6 10. h3 {The position is equal.} (10. b4 cxb4 11. axb4 O-O 12. h3 Nh5 13. Nc3 Nf4 14. Bxf4 exf4 15. Qd2 h6 {½-½ (76) Shirov,A (2690)-Illescas Cordoba,M (2635) Madrid 1996}) 10... O-O 11. Nbd2 a5 $146 ({Predecessor:} 11... Nd7 12. b4 cxb4 13. axb4 c5 14. Qb1 cxb4 15. Qxb4 a5 {1-0 (39) Maze,S (2553)-Grollemund,B (2138) Montpellier 2014}) 12. b4 cxb4 13. axb4 a4 14. Nc4 Nd7 15. Qd2 Ba6 16. Na3 Rfe8 17. c4 b5 18. Rac1 $36 {[%mdl 2048] [#] Strongly threatening cxb5. White is pushing.} Qb7 19. c5 Rad8 20. Bh6 Bh8 21. Bg5 {Precision: White = 71%, Black = 61%.} 1/2-1/2

[Event "CZE-tht Extraliga 2017-18"]
[Site "Czech Republic"]
[Date "2017.12.02"]
[Round "3.1"]
[White "Huschenbeth, Niclas"]
[Black "Rosko, Lubos"]
[Result "1-0"]
[WhiteElo "2601"]
[BlackElo "2312"]
[Annotator "TA"]
[PlyCount "75"]
[EventDate "2017.??.??"]
[EventType "team-tourn"]
[EventCountry "CZE"]
[SourceTitle "playchess.com"]
[Source "ChessBase"]
[SourceQuality "1"]

{[%evp 31,74,54,51,0,51,58,89,58,89,118,130,125,118,116,111,84,77,8,61,77,107,58,66,70,211,256,209,0,12797,5294,29981,29982,29992,29993,29993,29994,29994,29995,29995,29996,29997,29998,29998,29999,29999]} 1. e4 c5 2. Nf3 d6 3. d4 cxd4 4. Nxd4 Nf6 5. Nc3 Nc6 6. Bg5 e6 7. Qd2 a6 8. O-O-O Bd7 9. f4 b5 10. Bxf6 gxf6 11. Kb1 Qb6 12. Nxc6 Bxc6 13. Qe1 Be7 14. Bd3 h5 {B67: Sicilian: Richter-Rauzer: 7...a6 8 0-0-0 Bd7, lines without 9 f4 Be7} 15. f5 b4 16. Ne2 e5 $1 {LiveBook: 17 Games. White is slightly better.} 17. Nc1 (17. Ng3 $14) (17. Ng3 h4 18. Nf1 Bf8 19. Bc4 Ke7 20. Ne3 Bh6 21. Nd5+ Bxd5 22. Bxd5 {1-0 (49) Volokitin,A (2681)-Lupulescu,C (2599) Germany 2009}) 17... Rg8 $146 (17... d5 $11) ({Predecessor:} 17... a5 18. Bc4 Rc8 19. b3 Rg8 20. Qh4 Rg5 21. Rhe1 Bb5 22. Bxb5+ Qxb5 {0-1 (40) Lemettinen,P-Fieandt,J (2210) Finland 1995}) 18. Qe2 $14 d5 19. Qxh5 dxe4 20. Bc4 {[%csl Gc4][%cal Rh5f7]} Rg7 21. g4 {[%cal Bg2g4,Bg4g5][%mdl 32]} Qc5 22. Bb3 a5 {[%cal Ba6a5,Ba5a4][%mdl 32]} 23. g5 {And now Qh6 would win.} a4 24. Be6 $1 {Threatening Rhg1.} b3 ({But not} 24... fxg5 $2 25. Qh8+ Bf8 26. f6 $18) 25. cxb3 {Black must now prevent Rhg1.} ({Much weaker is} 25. axb3 a3 $11) 25... a3 26. gxf6 Bxf6 {Strongly threatening ...e3.} 27. Rhg1 $1 {[%cal Rg1g7]} Qf2 {[#]} ({Wrong is} 27... axb2 $2 28. Rxg7 bxc1=R+ 29. Rxc1 $18) (27... Qf8 $14) 28. bxa3 $1 $40 {[%mdl 640] Rxg7 would kill now. White wants a kill.} Qf3 (28... Rxa3 29. Qh8+) 29. Qh6 $2 ({White has to play} 29. Bd7+ $1 $18 Bxd7 30. Qh8+ Ke7 31. Qxa8 Rxg1 32. Rxg1) 29... Ke7 $2 {[%mdl 8192]} (29... Rxg1 $11 30. Rxg1 Ke7 31. Bxf7 Rh8) 30. Qd2 {Threatening mate with Qd6+.} Kf8 31. Qd6+ {White mates.} Kg8 {[#]} 32. Bxf7+ $1 {[%mdl 512]} Kxf7 33. Qe6+ Kf8 34. Qxf6+ Rf7 35. Qh6+ Ke7 36. Qd6+ Ke8 37. Rg8+ Rf8 38. Qe6# {Precision: White = 67%, Black = 50%.} 1-0

[Event "CZE-tht Extraliga 2017-18"]
[Site "Czech Republic"]
[Date "2017.12.02"]
[Round "3.1"]
[White "Michalik, Peter"]
[Black "Mista, Aleksander"]
[Result "1/2-1/2"]
[WhiteElo "2549"]
[BlackElo "2597"]
[Annotator "TA"]
[PlyCount "37"]
[EventDate "2017.??.??"]
[EventType "team-tourn"]
[EventCountry "CZE"]
[SourceTitle "playchess.com"]
[Source "ChessBase"]
[SourceQuality "1"]

{[%evp 25,27,8,28,38]} 1. d4 Nf6 2. c4 e6 3. Nc3 Bb4 4. Qc2 d5 5. a3 Bxc3+ 6. Qxc3 Ne4 7. Qc2 c5 8. dxc5 Nc6 9. e3 Qa5+ 10. Bd2 Nxd2 11. Qxd2 dxc4 {E37: Nimzo-Indian: Classical: 4...d5 5 a3 Bxc3+ 6 Qxc3 Ne4} 12. Bxc4 Qxc5 13. Rc1 Qe7 {LiveBook: 19 Games} 14. Nf3 {[#]} {Predecessor:} O-O $146 15. e4 Rd8 16. Qe3 Bd7 17. O-O Rac8 18. b4 Be8 19. Be2 {0-1 (66) Urkedal,F (2541)-Hammer,J (2628) Stavanger 2017} 1/2-1/2

[Event "CZE-tht Extraliga 2017-18"]
[Site "Czech Republic"]
[Date "2017.12.02"]
[Round "3.2"]
[White "Dziuba, Marcin"]
[Black "Navara, David"]
[Result "0-1"]
[WhiteElo "2584"]
[BlackElo "2732"]
[Annotator "TA"]
[PlyCount "98"]
[EventDate "2017.??.??"]
[EventType "team-tourn"]
[EventCountry "CZE"]
[SourceTitle "playchess.com"]
[Source "ChessBase"]
[SourceQuality "1"]

{[%evp 23,98,28,57,48,70,71,66,67,77,8,9,12,6,16,14,9,20,18,25,20,21,0,24,0,-2,-3,0,0,-10,-19,14,13,4,0,0,-35,-35,-35,-35,-35,-35,-35,-35,-35,-38,-42,-41,-42,-52,-82,-78,-82,-79,-112,-72,-75,-4,-137,-39,-101,-98,-401,-380,-659,-585,-646,-650,-597,-596,-4133,-4133,-1993,-1893,-1633,-1601,-1168,-921]} 1. d4 Nf6 2. c4 e6 3. g3 c5 4. d5 exd5 5. cxd5 d6 6. Nc3 g6 7. Bg2 Bg7 8. Nf3 O-O 9. O-O Re8 10. Re1 a6 11. a4 b6 12. Bf4 {A62: Modern Benoni: Fianchetto Variation without early ...Nbd7} Ra7 {LiveBook: 3 Games} (12... Nh5 13. Bg5 Qc7 14. e4 Nd7 15. Rc1 h6 16. Bd2 Qb8 17. Bf1 Ra7 18. b3 Nf8 19. h3 {0-1 (36) Rodshtein,M (2623)-Gashimov,V (2740) Ohrid 2009}) 13. e4 Bg4 {[#]} 14. Qc2 $146 {White is slightly better.} ({Predecessor:} 14. e5 Nh5 15. exd6 Rxe1+ 16. Qxe1 Nxf4 17. gxf4 Bxf3 18. Bxf3 Qxd6 19. Qe8+ Qf8 20. Re1 Bxc3 21. bxc3 Rd7 22. c4 Rd8 23. Qe5 Rd6 24. f5 {½-½ (24) Sosonko,G (2535)-Seirawan,Y (2485) Lone Pine 1979}) 14... Bxf3 15. Bxf3 h6 16. e5 ({White should try} 16. Be2 $16) 16... dxe5 $11 17. Rxe5 Rxe5 18. Bxe5 Nbd7 {[%cal Bb8d7,Bd7e5,Be5c4][%mdl 32]} 19. Bf4 g5 20. Bd2 Ne5 21. Bg2 Nc4 22. Be1 Nd6 23. Bd2 Re7 24. Re1 b5 25. axb5 axb5 26. b3 Qe8 27. Rxe7 Qxe7 28. Bf1 Ng4 29. Qd1 Bxc3 30. Bxc3 Nxf2 $40 {[%mdl 128] Black attacks.} 31. Kxf2 {Hoping for Bd3.} Ne4+ 32. Kg1 $1 {Threatens to win with Qe2.} Nxc3 33. Qd3 Ne4 {And now ...c4! would win.} 34. Qe3 f5 35. Bxb5 Qe5 36. Bd3 Qa1+ $1 37. Bf1 {[#]} Qd1 $1 38. h3 h5 39. Kg2 Kg7 (39... g4 $17 {...gxh3+ is the strong threat.} 40. hxg4 hxg4) 40. Bc4 (40. Be2 $11 {remains equal.} Qxd5 41. Bxh5) 40... Kg6 (40... Qc2+ $17 41. Qe2 Qxe2+ 42. Bxe2 g4) 41. Qf3 ({Better is} 41. Bd3 $1 $15) 41... Qd2+ $17 42. Kg1 $2 {[%mdl 8192]} (42. Qe2 $17) 42... Kf6 $19 43. g4 $2 (43. Bb5 Qxd5 44. Bd3) 43... Qd4+ {Black is clearly winning.} 44. Kg2 hxg4 45. hxg4 f4 46. Qe2 {Strongly threatening Bd3.} Qd2 47. Qxd2 Nxd2 48. Kf2 Ke5 49. Ke2 {[#]} Ne4 $1 {Precision: White = 34%, Black = 62%.} 0-1

[Event "CZE-tht Extraliga 2017-18"]
[Site "Czech Republic"]
[Date "2017.12.02"]
[Round "3.2"]
[White "Fedorov, Alexei"]
[Black "Tazbir, Marcin"]
[Result "1/2-1/2"]
[WhiteElo "2582"]
[BlackElo "2520"]
[Annotator "TA"]
[PlyCount "77"]
[EventDate "2017.??.??"]
[EventType "team-tourn"]
[EventCountry "CZE"]
[SourceTitle "playchess.com"]
[Source "ChessBase"]
[SourceQuality "1"]

{[%evp 20,77,0,0,26,20,24,29,39,30,47,47,47,43,47,54,61,49,68,66,67,59,89,83,85,86,86,93,86,99,82,80,143,135,145,136,177,177,194,125,143,45,129,0,0,0,0,0,0,0,0,0,0,0,0,0,0,0,0,0]} 1. e4 c5 2. d3 Nc6 3. g3 g6 4. Bg2 Bg7 5. f4 d6 6. Nf3 e6 7. O-O Nge7 8. c3 O-O 9. a4 Rb8 10. Be3 b6 {B20: Sicilian: Unusual White 2nd moves} (10... a6 11. Na3 b5 12. axb5 axb5 13. Nc2 b4 14. d4 bxc3 15. bxc3 cxd4 16. cxd4 Bd7 17. Bf2 Nb4 18. Nxb4 Rxb4 19. Qd2 {½-½ (60) Moussard,J (2567)-Chu,W (2340) Bastia 2017}) 11. Na3 {LiveBook: 6 Games} d5 12. e5 d4 $146 ({Predecessor:} 12... Qd7 13. Bf2 Rd8 14. Nb5 Bb7 15. d4 c4 16. g4 a6 17. Nd6 {1-0 (30) Petrienko,V (2460)-Kos,T (2235) Litomysl 1995}) 13. Bf2 dxc3 14. bxc3 Ba6 15. Nb5 Rb7 16. Qe2 Rd7 17. Rfd1 Bb7 18. Ng5 Nc8 19. Ne4 Na5 20. Rab1 a6 21. Nbd6 Nxd6 22. Nxd6 Bxg2 23. Kxg2 Rxd6 24. exd6 Qxd6 25. d4 Qc6+ (25... cxd4 $142 26. Bxd4 (26. cxd4 Qd5+ 27. Qf3 Nc4 $16) 26... Qc6+ 27. Qf3 Qxa4) 26. Qf3 $16 {Qxc6 is the strong threat.} Qxa4 27. Rxb6 cxd4 28. cxd4 Nc4 29. Rbb1 (29. Rc6 $18) 29... Rd8 30. d5 (30. Qb3 $16 Qxb3 31. Rxb3) 30... Nb2 (30... exd5 $1 $14 31. Qb3 (31. Rxd5 Ne3+ 32. Qxe3 Qc6 $11) 31... Qe8) 31. dxe6 (31. Rd2 $16 Nc4 32. Rd3) 31... Nxd1 $11 {[#]The position is equal.} 32. Rxd1 $1 {[%mdl 512]} Rxd1 (32... Qxd1 $2 {perishes.} 33. Qxd1 Rxd1 34. e7 $18) 33. Qa8+ {[#]} Rd8 $1 {[%cal Rd8a8][%mdl 512]} 34. Qxd8+ Bf8 35. exf7+ Kxf7 36. Qd5+ Ke8 37. Qa8+ Kf7 38. Qd5+ Ke8 39. Qa8+ {Precision: White = 62%, Black = 52%.} 1/2-1/2

[Event "CZE-tht Extraliga 2017-18"]
[Site "Czech Republic"]
[Date "2017.12.02"]
[Round "3.2"]
[White "Stocek, Jiri"]
[Black "Movsesian, Sergei"]
[Result "1/2-1/2"]
[WhiteElo "2567"]
[BlackElo "2667"]
[Annotator "TA"]
[PlyCount "22"]
[EventDate "2017.??.??"]
[EventType "team-tourn"]
[EventCountry "CZE"]
[SourceTitle "playchess.com"]
[Source "ChessBase"]
[SourceQuality "1"]

{[%evp 16,22,7,2,21,-8,25,2,26]} 1. d4 Nf6 2. Nf3 e6 3. Bf4 c5 4. e3 d5 5. c3 Nc6 6. Nbd2 cxd4 7. exd4 {D02: 1 d4 d5 2 Nf3 sidelines, including 2...Nf6 3 g3 and 2...Nf6 3 Bf4} Nh5 8. Bg5 f6 9. Be3 {[#] LiveBook: 17 Games. aiming for g4.} g6 $146 ({Predecessor:} 9... Bd6 10. Bb5 O-O 11. O-O g6 12. Ne1 Qc7 13. g3 Ne7 14. Ndf3 Ng7 {1-0 (58) Karjakin,S (2781)-Grischuk,A (2761) Paris 2017}) 10. c4 Be7 11. Rc1 O-O 1/2-1/2

[Event "CZE-tht Extraliga 2017-18"]
[Site "Czech Republic"]
[Date "2017.12.02"]
[Round "3.2"]
[White "Bobras, Piotr"]
[Black "Cernousek, Lukas"]
[Result "1/2-1/2"]
[WhiteElo "2512"]
[BlackElo "2450"]
[Annotator "TA"]
[PlyCount "30"]
[EventDate "2017.??.??"]
[EventType "team-tourn"]
[EventCountry "CZE"]
[SourceTitle "playchess.com"]
[Source "ChessBase"]
[SourceQuality "1"]

{[%evp 25,30,20,18,10,14,8,2]} 1. e4 e5 2. Nf3 Nf6 3. Nxe5 d6 4. Nf3 Nxe4 5. d4 d5 6. Bd3 Bf5 7. O-O Be7 8. Re1 O-O 9. c4 Nc6 10. Nc3 {C42: Petroff Defence: 3 Nxe5 and unusual White 3rd moves} (10. cxd5 Qxd5 11. Nc3 Nxc3 12. bxc3 Rae8 13. Bf4 Bd8 14. c4 Qd7 15. Bxf5 Qxf5 16. Qd2 Na5 17. Rec1 Re4 {½-½ (58) Anand,V (2776)-Li,C (2728) Germany 2017}) 10... Nxc3 11. bxc3 Bxd3 12. Qxd3 dxc4 13. Qxc4 Qd7 {LiveBook: 3 Games. The position is equal.} 14. Rb1 b6 15. Bf4 $146 {White wants to play d5.} ({Predecessor:} 15. Qd3 h6 16. Bf4 Rfe8 17. d5 Bc5 18. Rbd1 Ne7 {½-½ (18) Elent,M (2410)-Contos,V (2420) ICCF email 2010}) 15... Bd6 1/2-1/2

[Event "CZE-tht Extraliga 2017-18"]
[Site "Czech Republic"]
[Date "2017.12.02"]
[Round "3.2"]
[White "Cerveny, Martin"]
[Black "Ftacnik, Lubomir"]
[Result "1/2-1/2"]
[WhiteElo "2387"]
[BlackElo "2537"]
[Annotator "TA"]
[PlyCount "75"]
[EventDate "2017.??.??"]
[EventType "team-tourn"]
[EventCountry "CZE"]
[SourceTitle "playchess.com"]
[Source "ChessBase"]
[SourceQuality "1"]

{[%evp 17,75,16,9,-15,0,0,4,-3,-3,-3,-3,-9,-3,-3,0,-6,-8,-27,-8,-31,-3,-31,-30,-41,-8,-8,-8,-8,-15,-10,-11,-15,-13,-9,-11,-8,-7,-10,0,0,0,-24,-3,-23,-23,-23,-23,-20,0,0,0,0,0,-11,-11,-23,0,0,0,0]} 1. Nf3 Nf6 2. c4 g6 3. Nc3 d5 4. cxd5 Nxd5 5. e4 Nxc3 6. dxc3 Qxd1+ 7. Kxd1 f6 8. e5 {A16: English Opening: 1...Nf6 with ...d5} (8. Be3 e5 9. Nd2 Be6 10. Bc4 Kf7 11. Kc2 Be7 12. Rad1 Rd8 13. Bxe6+ Kxe6 14. Nc4 Rxd1 15. Rxd1 Nc6 16. a4 a5 17. f4 h5 18. Rf1 exf4 19. Bxf4 {½-½ (33) Topalov,V (2816)-Giri,A (2793) Saint Louis 2015}) 8... Nc6 9. exf6 exf6 {LiveBook: 8 Games} 10. Bb5 Bd7 11. Re1+ Be7 12. Bd2 Rd8 $146 ({Predecessor:} 12... a6 13. Ba4 g5 14. h3 Kf7 {½-½ (14) Lewis,A (2275)-Banas,J (2425) Senec 1998}) 13. b4 g5 14. Kc1 a6 15. Ba4 Kf7 16. Bb3+ Kg7 17. a4 Bd6 18. h3 h5 19. Bc2 Rhe8 20. Kb2 Ne5 21. Nxe5 Bxe5 22. Be3 $1 h4 23. Rad1 Bd6 24. Kb3 Bc6 25. f3 Bg3 26. Rxd8 Rxd8 27. Re2 Bd5+ 28. c4 Bf7 {[#] ...b5 is the strong threat.} 29. b5 Re8 {Threatens to win with ...Bf4.} 30. Bd3 axb5 31. axb5 Bg6 32. Bd4 Rxe2 33. Bxe2 $11 {KBB-KBB} Kf7 34. c5 Ke7 35. Bc4 Be5 36. Be3 Be8 37. Kb4 Bg3 38. Kc3 {Precision: White = 42%, Black = 62%.} 1/2-1/2